000 00534nam a2200181Ia 4500
008 090124s9999 xx 000 0 und d
082 _b114827
100 _aमाडगुळकर ग. दि.
245 _a सोने आणि माति
250 _a1
260 _c1973
300 _a128
600 _aमाडगुळकर ग. दि.
630 _a सोने आणि माति
700 _aमाडगुळकर ग. दि.
730 _a सोने आणि माति
942 _cBOOK
999 _c160918
_d160918